000 00518nam a2200121Ia 4500
008 220216s9999 xx 000 0 und d
100 _aDoyle W
_et al
245 4 _aThe non-enzymatic deproteinization of natural rubber latex (DPNRL) enabling the greater versatility in end product applications
260 _bIndia Rubber Expo & Tyre Show 2013. Conference & Workshop Abstracts, 22-24 January 2013, Mumbai, India. pp. 111-115.
650 _aNatural rubber latex
650 _aNon-enzymatic deproteinization
942 _cJS
999 _c70882
_d70882